000 00574nam a22002417a 4500
003 UA-OsUOA
001 91416
007 ta
008 20121128b un ||||| |||| 00| 0 ukr d
100 _aТарасов В.
090 _a821.161.2
_bТ19
942 _cBK
040 _aUA-OsUOA
_bukr
_cUA-OsUOA
_dUA-OsUOA
245 _aТам, в Луабонго
_bроман, повісті
300 _a383 с.
955 _a3
041 _aukr
080 _a821.161.2
020 _a5-308-00627-Х
260 _aК.
_bДніпро
_c1989
650 7 _2UDC
999 _c377675
_d377675